000 00633cam a22002293a 4500
001 33099
003 PGUSA
005 20140828083721.0
008 100707s2010||||xxu|||||s|||||000 1 eng d
040 _aPGUSA
_beng
042 _adc
050 4 _aPS
100 1 _aSaltus, Edgar,
_d1855-1921
245 1 4 _aThe Truth About Tristrem Varick :
_bA Novel
_h[electronic resource] /
_cEdgar Saltus
260 _bProject Gutenberg,
_c2010
506 _aPublic domain in the USA.
516 _aElectronic text
653 _aFiction
830 0 _aProject Gutenberg
_v33099
856 4 0 _uhttp://www.gutenberg.org/ebooks/33099
942 _cEB
999 _c262354
_d262354